000 00321nam a2200133Ia 4500
005 20260328101440.0
008 260328s9999||||xx |||||||||||||| ||und||
100 _aGlusberg, Jorge
245 0 _aDel Pop-art a la Nueva Imagen /
_cJorge Glusberg
260 _bGaglianone
300 _a528 p.
650 _aARTE
942 _cBK
999 _c8247
_d8247